000 01166nam a2200349 a 4500
001 20699
003 VRT
005 20260130105828.0
008 950616s1988 xo a g 000 1 slo c
035 _aUKB000178134
039 9 _a202510291411
_bfuskovaz
_c201604200935
_dAUTHORITY
_c201604200915
_dgluc
040 _aBAA001
_bslo
_cBAA001
_eAACR2
041 1 _aslo
_hpol
044 _axo
_cSK
084 _aW 6(4P)-644.61 Z' 44
_2UKB
100 1 _aEdigey, Jerzy,
_d1912-1983
245 1 0 _aVýstrely na rázcestí ; Smrť čaká pred oknom ; Príbeh jednej pištole
_cJerzy Edigey ; z poľ. orig. prel. Matej Andráš
260 _aBratislava
_bSlovenský spisovateľ
_c1988
300 _a482 s.
490 1 _aZelená knižnica
500 _aDokument obsahuje 3 diela
530 _aDostupný aj zvukový záznam
700 1 _aAndráš, Matej
_4trl
740 0 2 _aSmrť čaká pred oknom
740 0 2 _aPríbeh jednej pištole
776 0 _tSmrť čaká pred oknom
_i[zvukový záznam]
830 0 _aZelená knižnica
910 _aukb
942 _2ddc
_cKLDO
_n0
949 _6178134-10
_a30.D.21478
_bPV.14027-88
949 _6178134-20
_aSL.D.07563
_bPV.14028-88
999 _c20699
_d20699